<?xml version="1.0" encoding="UTF-8"?>
<record
    xmlns:xsi="http://www.w3.org/2001/XMLSchema-instance"
    xsi:schemaLocation="http://www.loc.gov/MARC21/slim http://www.loc.gov/standards/marcxml/schema/MARC21slim.xsd"
    xmlns="http://www.loc.gov/MARC21/slim">

  <leader>01661nam a2200241 u 4500</leader>
  <controlfield tag="001">49027</controlfield>
  <controlfield tag="005">20260504071812.0</controlfield>
  <controlfield tag="008">960313s1987       ||||||m|         spa  </controlfield>
  <datafield tag="035" ind1=" " ind2=" ">
    <subfield code="a">49027</subfield>
  </datafield>
  <datafield tag="040" ind1=" " ind2=" ">
    <subfield code="c">comduadb</subfield>
  </datafield>
  <datafield tag="041" ind1=" " ind2=" ">
    <subfield code="a">spa</subfield>
  </datafield>
  <datafield tag="082" ind1=" " ind2="4">
    <subfield code="a">378</subfield>
  </datafield>
  <datafield tag="100" ind1="1" ind2="0">
    <subfield code="a">Rivera Gonzalez, Sonia Emilse</subfield>
    <subfield code="4">aut</subfield>
    <subfield code="e">aut</subfield>
    <subfield code="9">475784</subfield>
  </datafield>
  <datafield tag="245" ind1="1" ind2="0">
    <subfield code="a">An&#xE1;lisis jur&#xED;dico de los acuerdos y resoluciones de la dependencia de bienestar universitario de la universidad de Antioquia y proyecto de acuerdo para su reestructuraci&#xF3;n</subfield>
  </datafield>
  <datafield tag="260" ind1=" " ind2=" ">
    <subfield code="a">Medell&#xED;n :</subfield>
    <subfield code="b">[sin publicador],</subfield>
    <subfield code="c">1987.</subfield>
  </datafield>
  <datafield tag="300" ind1=" " ind2=" ">
    <subfield code="a">90 hojas</subfield>
  </datafield>
  <datafield tag="505" ind1=" " ind2=" ">
    <subfield code="a">CONTENIDO : Introducci&#xF3;n. -- Objetivos. -- Metodolog&#xED;a. -- Proyecto de acuerdo. -- Anexo. -- Informe de la comisi&#xF3;n de expertos en bienestar universitario de la Universidad de Antioquia. -- 1: de los programas. -- 1.1: Programas existentes. -- 1.2: Programas nuevos. -- 2: De los servicios. -- 2.1: Servicios existentes. -- 2.2: Nuevos servicios. -- 3: Actividades. -- 3.1: Est&#xED;mulo y apoyo de aficiones comunes. -- 3.2: ferias y festivales. -- 3.3: V&#xED;as recreativas. -- 3.4: Programas comunitarios vacacionales. -- 3.5: Excursiones y camping. -- 3.6: Colonias vacacionales. -- 3.7: Conferencias y seminarios. -- 4: La administraci&#xF3;n del seminario. -- 4.1: Asistencia salud f&#xED;sica y mental. -- 4.2: Asistencia econ&#xF3;mica. -- 4.3: orientaci&#xF3;n acad&#xE9;mica. -- 4.4: Formaci&#xF3;n integral. -- 4.5: Recreaci&#xF3;n y deportes. -- Conclusiones. -- Bibliograf&#xED;a.</subfield>
  </datafield>
  <datafield tag="610" ind1=" " ind2="0">
    <subfield code="a">Universidad de Antioquia. Bienestar Universitario</subfield>
    <subfield code="9">831715</subfield>
  </datafield>
  <datafield tag="700" ind1="1" ind2="0">
    <subfield code="a">Trujillo Londo&#xF1;o, Jose Fernando</subfield>
    <subfield code="4">aut</subfield>
    <subfield code="e">aut</subfield>
    <subfield code="9">253866</subfield>
  </datafield>
  <datafield tag="942" ind1=" " ind2=" ">
    <subfield code="c">TESIS</subfield>
  </datafield>
  <datafield tag="999" ind1=" " ind2=" ">
    <subfield code="c">28271</subfield>
    <subfield code="d">28271</subfield>
  </datafield>
  <datafield tag="502" ind1=" " ind2=" ">
    <subfield code="b">133</subfield>
    <subfield code="c">14</subfield>
  </datafield>
  <datafield tag="526" ind1=" " ind2=" ">
    <subfield code="a">135</subfield>
  </datafield>
  <datafield tag="952" ind1=" " ind2=" ">
    <subfield code="0">0</subfield>
    <subfield code="1">0</subfield>
    <subfield code="4">0</subfield>
    <subfield code="7">0</subfield>
    <subfield code="8">ANTIOQUIA</subfield>
    <subfield code="a">BC</subfield>
    <subfield code="b">BC</subfield>
    <subfield code="d">1998-05-13</subfield>
    <subfield code="e">Material adquirido por donaci&#xF3;n</subfield>
    <subfield code="i">C81580</subfield>
    <subfield code="l">0</subfield>
    <subfield code="o">378.86126 R621a, Estante No. 1</subfield>
    <subfield code="p">61000002225114</subfield>
    <subfield code="r">2023-04-20 00:00:00</subfield>
    <subfield code="t">1</subfield>
    <subfield code="w">2023-04-20</subfield>
    <subfield code="y">TESISI</subfield>
  </datafield>
</record>
